Methode complete de Clarinette en deux volumes
Wedi'i Gadw mewn:
| Prif Awdur: | |
|---|---|
| Fformat: | Sgôr Cerddorol Llyfr |
| Iaith: | Ffrangeg Eidaleg Saesneg Sbaeneg |
| Cyhoeddwyd: |
París
Alphonse Leduc
1946
|
| Rhifyn: | 1a. ed |
| Pynciau: | |
| Tagiau: |
Ychwanegu Tag
Dim Tagiau, Byddwch y cyntaf i dagio'r cofnod hwn!
|
MARC
| LEADER | 00000ccm a2200000 a 4500 | ||
|---|---|---|---|
| 001 | UCC7132 | ||
| 003 | CL-VaPUC | ||
| 005 | 20220617114627.0 | ||
| 008 | 190304e19460000fr |||||||||||||||||fre|d | ||
| 999 | |c 373863 |d 373861 | ||
| 040 | |c Pontificia Universidad Católica de Valparaíso | ||
| 041 | 0 | 7 | |a fre |2 CL-VaPUC |
| 041 | 0 | 7 | |a ita |2 CL-VaPUC |
| 041 | 0 | 7 | |a eng |2 CL-VaPUC |
| 041 | 0 | 7 | |a spa |2 CL-VaPUC |
| 082 | 0 | 4 | |a Cl788.62193 MAG 1946 |2 21 |
| 100 | |a Magnani, Aurelio |e autor |9 464978 | ||
| 245 | 1 | 0 | |a Methode complete de Clarinette en deux volumes |
| 246 | 1 | 0 | |a Metodo completo per Carinetto in due libri |
| 246 | 1 | 0 | |a Complete method for Clarinete in two books |
| 246 | 1 | 0 | |a Método completo para el Clarinete en dos volúmenes |
| 250 | |a 1a. ed | ||
| 260 | |a París |b Alphonse Leduc |c 1946 | ||
| 300 | |a 2 v | ||
| 583 | |a last modification |c 20190304 12:48:00 |k Rodrigo Vera | ||
| 650 | 0 | |a Música para clarinete |9 323940 | |
| 650 | 0 | |a Estudios musicales |9 362110 | |
| 650 | 0 | |a Técnicas de ejecución |2 CL-VaPUC |9 323937 | |
| 650 | 0 | |a Pedagogía instrumental |2 CL-VaPUC |9 324009 | |
| 650 | 0 | |a Escalas musicales, ejercicios |2 CL-VaPUC |9 444460 | |
| 942 | |c BK |2 ddc | ||
| 945 | |d 20190304 12:48:00 |a dcastane | ||
| 952 | |0 0 |1 0 |2 ddc |3 erb |4 0 |6 CL_788_621930000000000_MAG_1946 |7 0 |8 X |9 492114 |a BIBEDU |b BIBEDU |h v.1 |i 5534399 |l 1 |o Cl788.62193 MAG 1946 |p 5534399 |r 2023-11-22 |s 2022-04-19 |w 2019-11-24 |y BK_X |z Catalogado en:20190304 |k MUS | ||
| 952 | |0 0 |1 0 |2 ddc |3 erb |4 0 |6 CL_788_621930000000000_MAG_1946 |7 0 |8 X |9 492115 |a BIBEDU |b BIBEDU |h v.2 |i 5534402 |l 1 |o Cl788.62193 MAG 1946 |p 5534402 |r 2023-11-22 |s 2022-04-19 |w 2019-11-24 |y BK_X |z Catalogado en:20190304 |k MUS | ||